000 00577nam a2200193 4500
001 17540
005 20230410120737.0
008 060907n2004 dr spa
020 _a0060541717
035 _9funglode17676
041 _aEN
050 1 4 _aHV 41 E29b 2004
100 _aEgger, Robert
245 1 _aBegging for change :
_bhow we can make charities responsive, efficient, and rewarding for all /
_cby Robert Egger with Howard Yoon.
260 _aNew York :
_bHarperBusiness,
_c2004
300 _axxi, 216 p.
700 _aYoon, Howard.
942 _2lcc
_cbk
999 _c50998
_d50998